La Jaula de cristal: Aventuras de la imaginación de Henry James
Salvato in:
| Autore principale: | |
|---|---|
| Natura: | Libro |
| Lingua: | Undetermined |
| Pubblicazione: |
Distrito Federal, México
N.O.E.M.A.
1980
|
| Soggetti: | |
| Tags: |
Aggiungi Tag
Nessun Tag, puoi essere il primo ad aggiungerne!!
|
MARC
| LEADER | 00000nam a2200000Ia 4500 | ||
|---|---|---|---|
| 008 | 170316s9999 xx 000 0 und d | ||
| 999 | |c 28835 |d 28835 | ||
| 040 | |a cru BVZT | ||
| 090 | |a F-810 S-2j | ||
| 100 | |a Schneider, Daniel J. | ||
| 245 | |a La Jaula de cristal: Aventuras de la imaginación de Henry James | ||
| 260 | |a Distrito Federal, México | ||
| 260 | |b N.O.E.M.A. | ||
| 260 | |c 1980 | ||
| 300 | |a 143 páginas | ||
| 650 | |a LITERATURA ESTADOUNIDENSE |9 25 | ||
| 650 | |a FICCIÓN |9 26 | ||
| 942 | |c 15 D |h F-810 S-2j |2 z | ||
